000 03220 a2200373 4500
240 _aEtude de la procédure d'octroi et de remboursement du crédit aux groupements de femmes au Sud Bénin
502 _aThèse pour l'obtention du Diplôme d'Ingénieur Agronome
260 _aAbomey-Calavi
653 1 _aEconomie, Socio-Anthropologie et Communication
100 _aAZAGNANDJI, Hermann Réis
041 _bFr
260 _bFSA/UAC
245 _aStudy of granding and refunding credit procedure for women grouping in southern Benin : case of motorized grinder
300 _a[21]-69 p.
650 _aCREDIT
650 _aGROUPEMENT
650 _aFEMME
650 _aREMBOURSEMENT
650 _aINVESTISSEMENT
300 _b 29 cm
260 _cDécembre 2002
130 _lFr
040 _aSupport
710 _aAbomey-Calavi, Université d'Abomey-Calavi, Faculté des Sciences Agronomiques, Bj
041 _bFr
041 _bEn
653 1 _aEconomie, Socio-Anthropologie et Communication
500 _aAnnexes
651 _aSUD BENIN
100 _uAbomey-Calavi, Université d'Abomey-Calavi, Faculté des Sciences Agronomiques, Bj
520 _aLe domaine de la transformation est traditionnellement réservé aux femmes, et c'est aussi le domaine où les femmes rurales invertissent le plus d'heures de travail et d'énergie du fait du faible niveau technologique. Elles y tirent l'essentiel de leur revenu malgré la faible productivié du domaine de la transformation des produits agricoles. En effet ces femmes coincées dans le cercle vicieux de la pauvreté, ne peuvent pas acquérir de nouvelles technologies. afin de réduire la pénibilité du travail et d'améliorer leur revenu, des efforts ont été consentis ces dernières années par les institutions de microfinance pour introduire de nouvelles technologies de transformation. C'est danc se cadre que la Composante Privée du Programme d'Appui au Développement du Secteur Agricole (PADSA) a octroyé des râpeuses motorisées par le biais du crédit aux groupements de femmes transformateurs des racines de manioc en gari. Entre 1998 et 2000, 65 râpeuses motorisées ont été introduites au niveau des GF installés au Sud Bénin. Dans sa stratégie d'intervention, le PADSA utilise des ONG comme des Intermédiaires Techniques et Financier pour assurer l'animation, la formation ,les encadrements de GF et le recouvrement des fonds. Le constat aujourd'hui est que seulement 18 GF sur 65 ont effectivement remboursé le crédit à bonne date. On se demande alors pourquoi une telle situation. En d'autre terme, quels sont les déterminants du remboursement de crédit contracté par les GF ? La présente étude vise à comrendre et expliquer le taux élevé de défaillance observé. A cet effet, trois objectifs spécifiques sont fixés à savoir : étudier la procédure d'octroi du crédit de râpeuses motorisées au sein des groupements de femmes (GF) ; étudier la procédure de remboursement du crédit au sein des GF producteurs de gari et enfin analyser les facteurs qui affectent le remboursement du crédit au sein des GF producteurs de gari.
690 _aGROUPEMENT DES FEMMES
999 _c32011
_d32011